| 000 | 00895 a2200217 4500 | ||
|---|---|---|---|
| 999 |
_c3595 _d3595 |
||
| 020 | _a9780023995736 | ||
| 050 | 0 | 0 | _aLB 1573R48 REM 1996 |
| 100 | 1 |
_aReutzel, D. Ray _d1953- _eAuthor |
|
| 245 | 1 | 0 |
_aTeaching children to read : _bfrom basals to books / _cD. Ray Reutzel, Robert B. Cooter, Jr. |
| 250 | _a2nd ed. | ||
| 264 |
_aNew Jersey: _bPrentice-Hall Inc, _c1996 |
||
| 300 |
_axviii, 620 p. : _bill. (some col.) |
||
| 500 | _aIncludes bibliographical reference (p. 581-604) and indexes. | ||
| 504 | _aIncludes bibliographical reference (p. 581-604) and indexes. | ||
| 650 | 0 | _aReading (Elementary) | |
| 650 | 0 |
_aReading (Elementary) _xLanguage experience approach. |
|
| 650 | 0 | _aLanguage arts (Elementary) | |
| 700 | 1 |
_aCooter, Robert B. _eAuthor |
|
| 942 |
_2lcc _cBK _h1573.R48 _iREM _kLB |
||